[Event "Madrid-ch Previa-A"]
[Site "Madrid"]
[Date "2013.02.20"]
[Round "9"]
[White "Zuazua Conde, Ivan Javier"]
[Black "Montes de Santiago, Fernando"]
[Result "0-1"]
[WhiteElo "1605"]
[BlackElo "1826"]
[PlyCount "84"]
[EventDate "2013.02.04"]
[EventType "swiss"]
[EventRounds "9"]
[EventCountry "ESP"]
[SourceTitle "EXT 2018"]
[Source "ChessBase"]
[SourceDate "2017.10.13"]
[SourceVersion "1"]
[SourceVersionDate "2017.10.13"]
[SourceQuality "1"]

1. d4 d5 2. c4 e6 3. Nc3 c6 4. e3 Nf6 5. Nf3 Nbd7 6. Bd3 Bd6 7. 0-0 0-0 8. e4 dxe4 9. Nxe4 Nxe4 10. Bxe4 Nf6 11. Bd3 Qc7 12. h3 Re8 13. Re1 b6 14. a3 Bb7 15. Bg5 Nd7 16. Qc2 h6 17. Be3 c5 18. dxc5 Bxc5 19. Be4 Bxe4 20. Qxe4 Nf6 21. Qc2 Rac8 22. Rac1 Bxe3 23. Rxe3 Nd5 24. Rd3 Nf4 25. Rc3 Qb7 26. Qd2 e5 27. Re3 Rcd8 28. Qc2 f6 29. Rd1 Qc6 30. Kh2 Qc7 31. g3 Rxd1 32. Qxd1 Rd8 33. Qc2 Ne6 34. Rd3 Rc8 35. Rc3 Nd4 36. Qd1 Qc5 37. Ne1 Qc6 38. Nc2 Qe4 39. b3 Rd8 40. Qb1 Nf3+ 41. Rxf3 Qxf3 42. Ne3 Rd2 0-1

[Event "Madrid-ch Previa-A"]
[Site "Madrid"]
[Date "2012.02.22"]
[Round "9"]
[White "Zuazua Conde, Ivan Javier"]
[Black "Martinez Miura, Enrique"]
[Result "0-1"]
[WhiteElo "1498"]
[BlackElo "1670"]
[PlyCount "90"]
[EventDate "2012.02.06"]
[EventType "swiss"]
[EventRounds "9"]
[EventCountry "ESP"]
[SourceTitle "CBM 147 Extra"]
[Source "ChessBase"]
[SourceDate "2012.04.24"]
[SourceVersion "1"]
[SourceVersionDate "2012.04.24"]
[SourceQuality "1"]

1. d4 e6 2. c4 d5 3. Nc3 Nf6 4. Bg5 Be7 5. e3 0-0 6. Nf3 c6 7. Bd3 Nbd7 8. 0-0 h6 9. Bh4 b6 10. Rc1 Bb7 11. Qe2 Ne4 12. Bxe7 Nxc3 13. Rxc3 Qxe7 14. Rfc1 Rac8 15. a3 Qf6 16. cxd5 exd5 17. Ba6 Bxa6 18. Qxa6 Rc7 19. Qe2 Rfc8 20. h3 Qd6 21. b4 c5 22. bxc5 bxc5 23. dxc5 Rxc5 24. Rxc5 Rxc5 25. Rxc5 Qxc5 26. Qb2 Nb6 27. Nd2 Nc4 28. Qc3 Qxa3 29. Qxa3 Nxa3 30. Nb3 Nc4 31. Kf1 a5 32. Ke2 Kf8 33. Kd3 Ke7 34. Kd4 a4 35. Na1 Kd6 36. e4 Nb6 37. e5+ Kc6 38. f4 Nc4 39. f5 Nd2 40. g4 Nb3+ 41. Nxb3 axb3 42. Kc3 b2 43. Kxb2 d4 44. Kc2 Kd5 45. Kd3 Kxe5 0-1

[Event "Madrid-ch Previa-A"]
[Site "Madrid"]
[Date "2012.02.21"]
[Round "8"]
[White "Pardinas Riano, Emilio"]
[Black "Zuazua Conde, Ivan Javier"]
[Result "1/2-1/2"]
[WhiteElo "1768"]
[BlackElo "1498"]
[PlyCount "36"]
[EventDate "2012.02.06"]
[EventType "swiss"]
[EventRounds "9"]
[EventCountry "ESP"]
[SourceTitle "CBM 147 Extra"]
[Source "ChessBase"]
[SourceDate "2012.04.24"]
[SourceVersion "1"]
[SourceVersionDate "2012.04.24"]
[SourceQuality "1"]

1. e4 e5 2. Nf3 Nf6 3. Nxe5 d6 4. Nf3 Nxe4 5. d4 d5 6. Bd3 Bd6 7. h3 0-0 8. 0-0 Re8 9. Re1 h6 10. Nc3 Nxc3 11. bxc3 c5 12. c4 dxc4 13. Bxc4 cxd4 14. Bb2 Nc6 15. Nxd4 Rxe1+ 16. Qxe1 Nxd4 17. Bxd4 Bf5 18. Bd3 Qg5 1/2-1/2

[Event "Madrid-ch Previa-A"]
[Site "Madrid"]
[Date "2012.02.15"]
[Round "6"]
[White "Barroso Barroso, Jorge"]
[Black "Zuazua Conde, Ivan Javier"]
[Result "1-0"]
[WhiteElo "1740"]
[BlackElo "1498"]
[PlyCount "63"]
[EventDate "2012.02.06"]
[EventType "swiss"]
[EventRounds "9"]
[EventCountry "ESP"]
[SourceTitle "CBM 147 Extra"]
[Source "ChessBase"]
[SourceDate "2012.04.24"]
[SourceVersion "1"]
[SourceVersionDate "2012.04.24"]
[SourceQuality "1"]

1. e4 e5 2. Nf3 Nf6 3. Nxe5 d6 4. Nf3 Nxe4 5. Nc3 Nxc3 6. dxc3 Be7 7. Be3 0-0 8. Qd2 Be6 9. 0-0-0 Nd7 10. Kb1 Nc5 11. Bd3 Nxd3 12. Qxd3 c6 13. Nd4 Bd7 14. Nf5 Bxf5 15. Qxf5 Qc8 16. Qf3 Re8 17. h4 a5 18. h5 Bf8 19. Rh3 Qe6 20. Rg3 Qe4 21. Kc1 Qxf3 22. Rxf3 Re4 23. Rf4 Rae8 24. Rd4 Rxf4 25. Bxf4 d5 26. Kd1 Bc5 27. Rd2 b5 28. Re2 Kf8 29. h6 g6 30. Be5 Re6 31. b3 f6 32. Bd4 1-0

[Event "Madrid Villaverde op 15th"]
[Site "Madrid"]
[Date "2011.06.21"]
[Round "2.16"]
[White "Zuazua Conde, Ivan Javier"]
[Black "Fernandez Cabello, Emilio"]
[Result "1/2-1/2"]
[WhiteElo "1460"]
[BlackElo "1750"]
[PlyCount "58"]
[EventDate "2011.06.20"]
[EventType "swiss"]
[EventRounds "8"]
[EventCountry "ESP"]
[SourceTitle "EXT 2024"]
[Source "ChessBase"]
[SourceDate "2023.10.10"]
[SourceVersion "1"]
[SourceVersionDate "2023.10.10"]
[SourceQuality "1"]

1. d4 e6 2. c4 f5 3. Nf3 Nf6 4. Bg5 Be7 5. e3 0-0 6. Bd3 d6 7. Nc3 Nc6 8. a3 e5 9. dxe5 dxe5 10. Be2 Qe8 11. Nb5 Bd8 12. 0-0 a6 13. Nc3 h6 14. Bxf6 Bxf6 15. Nd5 Bd8 16. Qc2 f4 17. exf4 e4 18. Ne5 Nd4 19. Qd1 Nxe2+ 20. Qxe2 c6 21. Nc3 Rxf4 22. Nd3 Rf8 23. Rae1 Bf5 24. Nc5 e3 25. fxe3 Bc7 26. Nb3 c5 27. e4 Bg6 28. Rxf8+ Qxf8 29. Rf1 Qd6 1/2-1/2

[Event "Madrid Low cost Cup"]
[Site "Madrid"]
[Date "2009.08.10"]
[Round "5"]
[White "Rodriguez Ballespin, Daniel"]
[Black "Zuazua Conde, Ivan Javier"]
[Result "1-0"]
[WhiteElo "1937"]
[BlackElo "1442"]
[PlyCount "71"]
[EventDate "2009.08.03"]
[EventType "swiss"]
[EventRounds "8"]
[EventCountry "ESP"]
[SourceTitle "CBM 131 Extra"]
[Source "ChessBase"]
[SourceDate "2009.09.03"]
[SourceVersion "2"]
[SourceVersionDate "2009.09.16"]
[SourceQuality "1"]

1. e4 e5 2. Nc3 Nf6 3. f4 exf4 4. e5 Ng8 5. Nf3 d5 6. d4 g5 7. h3 Be6 8. g3 Be7 9. gxf4 gxf4 10. h4 Nc6 11. Bxf4 a6 12. a3 Qd7 13. Bd3 h5 14. Qd2 0-0-0 15. 0-0-0 Bf8 16. Rdf1 Bh6 17. Ng5 Rf8 18. Nxe6 fxe6 19. Bxh6 Rxf1+ 20. Rxf1 Nxh6 21. Bg6 Qe7 22. Qf4 Kd7 23. Bxh5 Nf5 24. Nxd5 exd5 25. Qxf5+ Qe6 26. Qxe6+ Kxe6 27. Bf7+ Kd7 28. Bxd5 Rxh4 29. c3 Rh7 30. Rf7+ Rxf7 31. Bxf7 Ne7 32. Kd2 Nf5 33. d5 Nh6 34. Be6+ Ke7 35. Ke3 c6 36. c4 1-0

[Event "Madrid Anticrisis op"]
[Site "Madrid"]
[Date "2009.03.05"]
[Round "2"]
[White "Zuazua Conde, Ivan Javier"]
[Black "Cardena Contreras, Javier"]
[Result "0-1"]
[WhiteElo "1413"]
[BlackElo "1903"]
[PlyCount "56"]
[EventDate "2009.03.03"]
[EventType "swiss"]
[EventRounds "9"]
[EventCountry "ESP"]
[SourceTitle "CBM 129 Extra"]
[Source "ChessBase"]
[SourceDate "2009.05.05"]
[SourceVersion "2"]
[SourceVersionDate "2009.05.20"]
[SourceQuality "1"]

1. d4 d5 2. c4 e6 3. Nc3 Nf6 4. Bg5 c6 5. Nf3 Nbd7 6. e3 Bb4 7. Qc2 Qa5 8. Nd2 dxc4 9. Bxc4 Qxg5 10. 0-0 Qa5 11. a3 Bxc3 12. bxc3 0-0 13. Rfe1 Nd5 14. Rec1 N7f6 15. Bd3 Qc7 16. Nf3 c5 17. Ne5 cxd4 18. exd4 Nf4 19. Bf1 b6 20. g3 Ng6 21. Bg2 Bb7 22. Nxg6 hxg6 23. Re1 Bxg2 24. Kxg2 Qc6+ 25. Kg1 Rac8 26. Re3 Nd5 27. Ree1 Qxc3 28. Qa4 Qf3 0-1

[Event "Madrid Anticrisis op"]
[Site "Madrid"]
[Date "2009.03.03"]
[Round "1"]
[White "Vallejo Nuno, Jorge"]
[Black "Zuazua Conde, Ivan Javier"]
[Result "1-0"]
[WhiteElo "2003"]
[BlackElo "1413"]
[PlyCount "63"]
[EventDate "2009.03.03"]
[EventType "swiss"]
[EventRounds "9"]
[EventCountry "ESP"]
[SourceTitle "CBM 129 Extra"]
[Source "ChessBase"]
[SourceDate "2009.05.05"]
[SourceVersion "2"]
[SourceVersionDate "2009.05.20"]
[SourceQuality "1"]

1. e4 e5 2. f4 exf4 3. Nc3 d6 4. d4 Qh4+ 5. Ke2 Bg4+ 6. Nf3 Bxf3+ 7. gxf3 Nc6 8. Nd5 0-0-0 9. Bxf4 Re8 10. Kd3 Qd8 11. c4 Nf6 12. Qa4 Qd7 13. Kc3 Kb8 14. Nxf6 gxf6 15. h4 Qe7 16. Bh3 Bg7 17. Bf5 h5 18. b4 Bh6 19. Bxh6 Rxh6 20. b5 Nd8 21. Qc2 c6 22. bxc6 Nxc6 23. Rab1 Qc7 24. Qa4 d5 25. cxd5 Ne7+ 26. Kd3 Reh8 27. d6 Qxd6 28. e5 fxe5 29. Be4 exd4 30. Rxb7+ Kc8 31. Rc1+ Nc6 32. Rxc6+ 1-0